000 00274nam a22001337a 4500
008 171018b xxu||||| |||| 00| 0 eng d
020 _a9780071736114
041 _aeng
080 _a338
100 _a53
101 _aMEN
245 _aWIN WIN
_cHOLPP,L
942 _2udc
_cBK
999 _c34608
_d34608